000 01485nam a2200325 c 4500
003 BLK
005 20180420233759.0
008 180410b bul|||||r ||||||| ||bul||
010 _aKNG00155688000
040 _aBLK
041 _aRUS
_cRUS
080 _aХудожествена обработка на дърво - Обгаряне (пирография), мозайка (интарзия), стругуване, резбарство, лакиране (Палех, Холуй, Жостово, Мстера, Федоскин
_b745.51
_x(470)
_z745.51(470)
100 1 _aНекрасова, Мария Александровна
_eпърви автор
_9314032
139 _aНекрасова, Мария Александровна
_bН 51
245 1 0 _aИскусство Палеха
_cМария Александровна Некрасова.
257 _aSUN
260 Москва
_bСов. художник
_c1966
300 _a332 с.
_bс илл.
_c27 см
380 _a7
500 _a10 000 тир. - Бел. към текста. - Списък на ил.
650 4 _aХудожествена обработка на дърво
_9314029
651 4 _aРусия
_9179465
653 _aПалех
653 _aлакови миниатюри
852 _aЦб ІІ 3141
856 4 _qpdf
_u
856 4 _qpdf
_u
942 _cKNG
_n0
944 _aCR
_c16.01.2014
_l16.01.2014 - от С1,Р / 16.01.2014
_kКамелия_Данева
944 _aED
_c16.01.2014
_l16.01.2014 - от С1,Р / 16.01.2014
_k
999 _c149431
_d149431